000 01137nam a2200205 i 4500
001 181568
003 ES-MaACL
005 20250901104848.0
008 130215s1837 sp |||| | spa d
245 0 0 _aOpúsculo que publica la Junta de Comercio de esta plaza : con relacion á los actos de oposicion á las dos nuevas Cátedras que há establecido en su Academia de Enseñanza Gratuita, é inaguracion [sic] de ellas, en el cual se contienen discursos luminosos y de recomendables doctrinas para el desarrollo del comercio, fuente de felicidad.
260 _aCádiz :
_b[s.n.],
_c1837 (
_fImprenta de la Casa de Misericordia á cargo de D. M. Quesada)
300 _a49 p. ;
_c21 cm.
597 _aError en la impresión, la página 49 duplicada.
650 7 _aComercio-
_xEstudio y enseñanza-
_zCádiz
_2
_9152268
852 _aES-MaACL
_jZ-1-F-5
_z.- Dedicatoria manuscrita parcialmente tachada de A. Llorente
_xOlim: 1515-F-7
852 _aES-MaACL
_jT-371-F-10
_cDEPOF
856 _uhttps://patrimoniodigital.ucm.es/s/patrimonio/item/664857
_7Versión digital en línea
942 _2udc
999 _c181568
_d181568